Mechanical engineering: For all AE/JE and PSU exams (Record no. 397127)

MARC details
000 -LEADER
fixed length control field 00475 a2200181 4500
005 - DATE & TIME
control field 20260406144246.0
008 - FIXED-LENGTH DATA ELEMENTS--GENERAL INFORMATION
fixed length control field 260406b |||||||| |||| 00| 0 eng d
020 ## - ISBN
International Standard Book Number 9789369587742
Price Rs. 799.00
040 ## - CATALOGING SOURCE
Original cataloging agency VIVEKANANDA LIBRARY
082 ## - DDC NUMBER
Classification number 621
Book Number G959M
100 ## - MAIN ENTRY--PERSONAL NAME
Personal name Gupta, Shivam
245 ## - TITLE STATEMENT
Title Mechanical engineering: For all AE/JE and PSU exams
260 ## - PUBLICATION, DISTRIBUTION, ETC. (IMPRINT)
Name of publisher, distributor, etc S Chand
Date of publication, distribution, etc 2026
Place of publication, distribution, etc Noida
300 ## - PHYSICAL DESCRIPTION
Pages xii, 402
650 ## - Subject
Subject Engineering
650 ## - Subject
Subject Mechanical Engineering
942 ## - ADDED ENTRY ELEMENTS (KOHA)
Koha item type Books
Holdings
Withdrawn status Lost status Source of classification or shelving scheme Damaged status Not for loan Location (home branch) Sublocation or collection (holding branch) Shelving location Date acquired Koha issues (times borrowed) Koha full call number Accession No. Koha date last seen Koha item type
    Dewey Decimal Classification     VIVEKANANDA LIBRARY VIVEKANANDA LIBRARY UIET Library 17/03/2026   621 G959M 431150 17/03/2026 Books
    Dewey Decimal Classification     VIVEKANANDA LIBRARY VIVEKANANDA LIBRARY UIET Library 17/03/2026   621 G959M 431149 17/03/2026 Books
    Dewey Decimal Classification     VIVEKANANDA LIBRARY VIVEKANANDA LIBRARY UIET Library 17/03/2026   621 G959M 431147 17/03/2026 Books
    Dewey Decimal Classification     VIVEKANANDA LIBRARY VIVEKANANDA LIBRARY UIET Library 17/03/2026   621 G959M 431151 17/03/2026 Books
    Dewey Decimal Classification     VIVEKANANDA LIBRARY VIVEKANANDA LIBRARY UIET Library 17/03/2026   621 G959M 431148 17/03/2026 Books
© Designed and Maintained by Vivekananda Library, MDU Rohtak